| 000 -LEADER |
| fixed length control field |
01689cam a2200313 a 4500 |
| 001 - CONTROL NUMBER |
| control field |
15938445 |
| 005 - DATE AND TIME OF LATEST TRANSACTION |
| control field |
20231228130521.0 |
| 008 - FIXED-LENGTH DATA ELEMENTS--GENERAL INFORMATION |
| fixed length control field |
091009s2011 mau b 001 0 eng |
| 010 ## - LIBRARY OF CONGRESS CONTROL NUMBER |
| LC control number |
2009040309 |
| 020 ## - INTERNATIONAL STANDARD BOOK NUMBER |
| International Standard Book Number |
9780763782504 (casebound) |
| 020 ## - INTERNATIONAL STANDARD BOOK NUMBER |
| International Standard Book Number |
0763782505 (casebound) |
| 040 ## - CATALOGING SOURCE |
| Original cataloging agency |
DLC |
| Transcribing agency |
DLC |
| Modifying agency |
DLC |
| 050 00 - LIBRARY OF CONGRESS CALL NUMBER |
| Classification number |
QA9.58 |
| Item number |
.N43 2011 |
| 082 00 - DEWEY DECIMAL CLASSIFICATION NUMBER |
| Classification number |
518.1,NEA |
| Edition number |
22 |
| 100 1# - MAIN ENTRY--PERSONAL NAME |
| Personal name |
Neapolitan, Richard E. |
| 9 (RLIN) |
39111 |
| 245 10 - TITLE STATEMENT |
| Title |
Foundations of algorithms / |
| Statement of responsibility, etc. |
Richard Neapoltian, Kumarss Naimipour. |
| 250 ## - EDITION STATEMENT |
| Edition statement |
4th ed. |
| 260 ## - PUBLICATION, DISTRIBUTION, ETC. |
| Place of publication, distribution, etc. |
Sudbury, Mass. : |
| Name of publisher, distributor, etc. |
Jones and Bartlett Publishers, |
| Date of publication, distribution, etc. |
c2011. |
| 300 ## - PHYSICAL DESCRIPTION |
| Extent |
xv, 627 p. L |
| Other physical details |
ill. ; |
| Dimensions |
24 cm. |
| 505 0# - FORMATTED CONTENTS NOTE |
| Formatted contents note |
Algorithms: efficiency, analysis, and order (Page-1), Divide-and-conquer (Page-47), Dynamic programming (Page-91), The greedy approach (Page-145), Backtracking (Page-197), Branch-and-bound (Page-243), Introduction to computational complexity : the sorting problem (Page-277), More computational complexity : the searching problem (Page-329), Computational complexity and intractability : an introduction to the theory of NP (Page-385), Number-theoretic algorithms (Page-429), Introduction to parallel algorithms (Page-495), . |
| 650 #0 - SUBJECT ADDED ENTRY--TOPICAL TERM |
| Topical term or geographic name entry element |
Algorithms. |
| 9 (RLIN) |
13771 |
| 650 #0 - SUBJECT ADDED ENTRY--TOPICAL TERM |
| Topical term or geographic name entry element |
Constructive mathematics. |
| 9 (RLIN) |
39113 |
| 650 #0 - SUBJECT ADDED ENTRY--TOPICAL TERM |
| Topical term or geographic name entry element |
Computational complexity. |
| 9 (RLIN) |
39112 |
| 700 1# - ADDED ENTRY--PERSONAL NAME |
| Personal name |
Naimipour, Kumarss. |
| 9 (RLIN) |
39114 |
| 700 1# - ADDED ENTRY--PERSONAL NAME |
| Personal name |
Neapolitan, Richard E. |
| Title of a work |
Foundations of algorithms using C++ pseudocode. |
| 9 (RLIN) |
103149 |
| 906 ## - LOCAL DATA ELEMENT F, LDF (RLIN) |
| a |
7 |
| b |
cbc |
| c |
orignew |
| d |
1 |
| e |
ecip |
| f |
20 |
| g |
y-gencatlg |
| 942 ## - ADDED ENTRY ELEMENTS (KOHA) |
| Source of classification or shelving scheme |
|
| Koha item type |
Book |
| Call number prefix |
518.1,NEA |